Szemantikai hálószótár diszfáziaterápiához
A megkésett beszédfejlődésü (diszfáziás) gyermekek beszédterápiája eredményesebben tervezhető, végezhető számítógéppel segített tanítási - tanulási programok alkalmazásával, mint a hagyományos, logopédusok által alkalmazott ún. hívóképes módszer segítségével. Célunk egy olyan szemantikai hálószótár...
Elmentve itt :
| Szerző: | |
|---|---|
| Testületi szerző: | |
| Dokumentumtípus: | Könyv része |
| Megjelent: |
2003
|
| Sorozat: | Magyar Számítógépes Nyelvészeti Konferencia
1 |
| Kulcsszavak: | Nyelvészet - számítógép alkalmazása |
| Online Access: | http://acta.bibl.u-szeged.hu/59415 |
| LEADER | 01684naa a2200193 i 4500 | ||
|---|---|---|---|
| 001 | acta59415 | ||
| 005 | 20260224081030.0 | ||
| 008 | 190715s2003 hu o 100 hun d | ||
| 040 | |a SZTE Egyetemi Kiadványok Repozitórium |b hun | ||
| 041 | |a hun | ||
| 100 | 1 | |a Bácsi János | |
| 245 | 1 | 0 | |a Szemantikai hálószótár diszfáziaterápiához |h [elektronikus dokumentum] / |c Bácsi János |
| 260 | |c 2003 | ||
| 300 | |a 116-122 | ||
| 490 | 0 | |a Magyar Számítógépes Nyelvészeti Konferencia |v 1 | |
| 520 | 3 | |a A megkésett beszédfejlődésü (diszfáziás) gyermekek beszédterápiája eredményesebben tervezhető, végezhető számítógéppel segített tanítási - tanulási programok alkalmazásával, mint a hagyományos, logopédusok által alkalmazott ún. hívóképes módszer segítségével. Célunk egy olyan szemantikai hálószótár létrehozása - nagy mennyiségű empirikus adatbázis alapján-, amely megjósolja, hogy egy fogalomhoz milyen más fogalmak kapcsolódnak a 4-7 éves gyermekek RTM-jében, vagyis egy már meglévő fogalomhoz milyen más fogalmat tud a terapeuta a legkönnyebben kapcsolni. A szemantikai hálószótár ezen felül alkalmas lesz arra, hogy a már olvasni tudó diák a hálószótár kapcsolt szavain egy virtuális sétát tudjon tenni pusztán mikrofonba bemondott szavak alkalmazásával. A szoftver ezáltal segíti a gyermeket, hogy az így bejárt szemantikai struktúrák megerősödjenek vagy kiépüljenek. | |
| 695 | |a Nyelvészet - számítógép alkalmazása | ||
| 710 | |a Magyar Számítógépes Nyelvészeti Konferencia (1.) (2003) (Szeged) | ||
| 856 | 4 | 0 | |u http://acta.bibl.u-szeged.hu/59415/1/msznykonf_001_116-122.pdf |z Dokumentum-elérés |